000 00596nam a22001937a 4500
005 20251108171244.0
008 250721s1988 xx 000 0 ara d
082 1 4 _a211.61/ديا
100 1 _aعمر، دياب سليم محمد
245 1 0 _aدور حروف العطف في أستنباط الأحكام من مصادرها الشرعية /
264 1 _aالقاهرة :
_c1988.
300 _a180ص.
650 1 7 _aالقرآن الكريم
650 1 7 _aالنحو و الصرف
650 1 7 _aالفاظ
650 1 7 _aمعاني و أحكام
942 _2ddc
_cBK
999 _c60575
_d60575